Obce okresu Ústí nad Orlicí - Statistics

General Stats
  • This quiz has been taken 32 times
  • The average score is 30 of 115
Answer Stats
Počet obyvatel Odpověď % Correct
15 119 Česká Třebová
100%
14 098 Ústí nad Orlicí
100%
4 126 Králíky
89%
12 412 Vysoké Mýto
89%
5 917 Žamberk
89%
9 849 Lanškroun
84%
8 662 Choceň
79%
1 303 Dlouhá Třebová
79%
3 106 Jablonné nad Orlicí
74%
6 445 Letohrad
74%
1 305 Brandýs nad Orlicí
58%
3 007 Červená Voda
58%
968 Sopotnice
53%
2 588 Dolní Dobrouč
47%
430 Dolní Morava
47%
1 786 Libchavy
47%
481 Lichkov
47%
392 Pastviny
47%
813 Třebovice
47%
993 Žichlínek
47%
191 Čenkovice
42%
547 Mladkov
42%
1 371 Dolní Čermná
37%
991 Horní Čermná
37%
941 Kunvald
37%
1 211 Lukavice
37%
188 Anenská Studánka
32%
755 Luková
32%
842 Rybník
32%
913 Tatenice
32%
293 Žampach
32%
649 České Libchavy
26%
391 Cotkytle
26%
690 Damníkov
26%
532 Helvíkovice
26%
1 975 Rudoltice
26%
794 Verměřovice
26%
960 Výprachtice
26%
757 Zámrsk
26%
438 Albrechtice
21%
158 České Petrovice
21%
586 Dobříkov
21%
803 Hnátnice
21%
128 Hrádek
21%
703 Jamné nad Orlicí
21%
338 Jehnědí
21%
904 Klášterec nad Orlicí
21%
300 Krasíkov
21%
364 Lubník
21%
639 Mistrovice
21%
267 Orličky
21%
713 Ostrov
21%
707 Řetová
21%
564 Sázava
21%
205 Šedivec
21%
588 Sruby
21%
88 Trpík
21%
377 Džbánov
16%
196 Kosořín
16%
983 Nekoř
16%
308 Nové Hrady
16%
258 Petrovice
16%
575 Písečná
16%
67 Plchovice
16%
365 Přívrat
16%
279 Řetůvka
16%
157 Seč
16%
624 Semanín
16%
251 Sobkovice
16%
116 Strážná
16%
183 Studené
16%
292 Svatý Jiří
16%
596 Těchonín
16%
339 Újezd u Chocně
16%
241 Zálší
16%
208 Zářecká Lhota
16%
441 Běstovice
11%
104 Bošín
11%
256 Bučina
11%
1 134 Bystřec
11%
368 Česká Rybná
11%
822 Dlouhoňovice
11%
215 Hejnice
11%
628 Horní Třešňovec
11%
403 Hrušová
11%
376 Koldín
11%
776 Líšnice
11%
272 Mostek
11%
142 Nasavrky
11%
686 Orlické Podhůří
11%
254 Oucmanice
11%
275 Podlesí
11%
409 Skořenice
11%
469 Slatina
11%
174 Stradouň
11%
146 Sudislav nad Orlicí
11%
177 Sudslava
11%
630 Tisová
11%
302 Velká Skrovnice
11%
333 Voděrady
11%
766 Záchlumí
11%
604 České Heřmanice
5%
452 Horní Heřmanice
5%
243 Javorník
5%
335 Kameničná
5%
340 Leština
5%
205 Libecina
5%
66 Pustina
5%
160 Radhošť
5%
401 Řepníky
5%
160 Týnišťko
5%
134 Vinary
5%
768 Vraclav
5%
170 Vračovice-Orlov
5%
92 Zádolí
5%
No matching quizzes found
Score Distribution
Percent of People with Each Score
Percentile by Number Answered
Your Score History
You have not taken this quiz